आधुनिक हिंदी व्याकरण तथा रचना (Record no. 3201)
[ view plain ]
| 000 -LEADER | |
|---|---|
| fixed length control field | 00978 a2200217 4500 |
| 005 - DATE AND TIME OF LATEST TRANSACTION | |
| control field | 20080911120616.0 |
| 008 - FIXED-LENGTH DATA ELEMENTS--GENERAL INFORMATION | |
| fixed length control field | 080911t xxu||||| |||| 00| 0 hin d |
| 010 ## - LIBRARY OF CONGRESS CONTROL NUMBER | |
| LC control number | HIN-79650 |
| 020 ## - INTERNATIONAL STANDARD BOOK NUMBER | |
| Terms of availability | 100.00 |
| 035 ## - SYSTEM CONTROL NUMBER | |
| System control number | HN-51996 |
| 037 ## - SOURCE OF ACQUISITION | |
| Source of stock number/acquisition | D. B. Act. / pub |
| 082 ## - DEWEY DECIMAL CLASSIFICATION NUMBER | |
| Classification number | 425 |
| 100 ## - MAIN ENTRY--PERSONAL NAME | |
| Personal name | कृष्ण विकल |
| 245 ## - TITLE STATEMENT | |
| Title | आधुनिक हिंदी व्याकरण तथा रचना |
| Statement of responsibility, etc | कृष्ण विकल |
| 250 ## - EDITION STATEMENT | |
| Edition statement | 2रा संस्क |
| 260 ## - PUBLICATION, DISTRIBUTION, ETC. (IMPRINT) | |
| Place of publication, distribution, etc | नौएडा |
| Name of publisher, distributor, etc | मयूर पेपरबैक्स |
| Date of publication, distribution, etc | 2006 |
| 270 ## - ADDRESS | |
| Address | ए-95, सेक्टर-5 |
| City | नौएडा |
| Postal code | 201301 |
| 300 ## - PHYSICAL DESCRIPTION | |
| Extent | viii,271पृ |
| Dimensions | 22सेमी (अजिल्द) |
| Other physical details | (सचित्र) |
| 942 ## - ADDED ENTRY ELEMENTS (KOHA) | |
| Institution code [OBSOLETE] | dpl |
| Koha item type | Hindi Books |
| Call number prefix | 425 / कृष्णवि |
| Source of classification or shelving scheme | Dewey Decimal Classification |
| Classification part | 425 |
| Call number suffix | कृष्णवि |
| Withdrawn status | Lost status | Damaged status | Not for loan | Home library | Current library | Date acquired | Cost, normal purchase price | Total Checkouts | Full call number | Barcode | Date last seen | Copy number | Uniform Resource Identifier | Cost, replacement price | Price effective from | Koha item type |
|---|---|---|---|---|---|---|---|---|---|---|---|---|---|---|---|---|
| D.B.Act.Division | D.B.Act.Division | 11/09/2008 | 100.00 | 425 कृष्णवि | HN-51996 | 15/09/2008 | 1 | 3407 | 100.00 | 15/09/2008 | Hindi Books |
